=LDR 00000nam 2200000 4500 =001 INLIS000000000005216 =005 20130612093453 =008 ***********************************Ind** =035 ##$$0010-061300000005216 =041 ##$$a Ind =082 ##$$a 92(Aristoteles) =090 ##$$a 92(Aristoteles), Par a =100 ##$$a PARKER, Steve =245 ##$$a Aristoteles dan pemikiran ilmiah, Steve Parker; Alih Bahasa, Esther S. Mandjani =260 ##$$a 1998 $b Jakarta =300 ##$$a 31 hlm, ilus, 21 cm =650 ##$$a Aristoteles =650 ##$$a Biografi =700 ##$$a MANJANI, Esther S =850 ##$$a NBPNMAT